书目信息

书名: 怎样对付老板 
作者: 颜远慎
出版信息: 广州   花城出版社  2003
开本页数: 21cm  247页
丛书名:
单 册:
中图分类: F272.9
科图分类:
主题词: 企业管理--qi ye guan li--人间交往--通俗读物
电子资源:
ISBN: 7-5360-3957-3
000 00769nam0 2200229 450
001 374
005 20051208165308.54
010    @a7-5360-3957-3@dCNY20.00
100    @a20051208d2003 km y0chiy0120 ea
101 @achi
102    @aCN@b440000
105    @ay z 000yy
106    @ar
200 @a怎样对付老板@Azen yang dui fu lao ban@f颜远慎著@Fyan yuan shen zhu
210    @a广州@c花城出版社@d2003
215    @a247页@d21cm
330    @a本书分析了老板的本质、类型,指导员工如何在与老板的接触中洞察其为人、秉性和习惯,同时阐述员工应该凭借自己的努力、修养和技能,妥善处理与老板之间的关系。
606 @a企业管理@Aqi ye guan li@x人间交往@j通俗读物
690    @aF272.9@v4
701  0 @a颜远慎@Ayan yuan shen@4著
801  0 @aCN@bRULIN@c20051208
905    @dF272.9@e273
    
    怎样对付老板/颜远慎著.-广州:花城出版社,2003
    247页;21cm
    
    
    ISBN 7-5360-3957-3:CNY20.00
    本书分析了老板的本质、类型,指导员工如何在与老板的接触中洞察其为人、秉性和习惯,同时阐述员工应该凭借自己的努力、修养和技能,妥善处理与老板之间的关系。
相关链接 在五车中查询图书 在当当中查询图书 在豆瓣中查询图书


正题名:怎样对付老板     索取号:F272.9/273         预约/预借

序号 登录号 条形码 馆藏地/架位号 状态 备注
1 350723   300350723   柳城密-1楼/4架12列5层/ [索取号:F272.9/273] 在馆    
2 350724   300350724   柳城密-1楼/4架12列5层/ [索取号:F272.9/273] 在馆    
3 350725   300350725   柳城密-1楼/4架12列5层/ [索取号:F272.9/273] 在馆    
4 350726   300350726   柳城密-1楼/4架12列5层/ [索取号:F272.9/273] 在馆    
5 350727   300350727   柳城密-1楼/4架12列3层/ [索取号:F272.9/273] 在馆    
6 350728   300350728   柳城密-1楼/4架12列5层/ [索取号:F272.9/273] 在馆    
7 350729   300350729   柳城密-1楼/4架12列3层/ [索取号:F272.9/273] 在馆    
8 350730   300350730   柳城密-1楼/4架12列5层/ [索取号:F272.9/273] 在馆    
9 350731   300350731   柳城密-1楼/4架12列5层/ [索取号:F272.9/273] 在馆    
10 350732   300350732   柳城密-1楼/4架12列5层/ [索取号:F272.9/273] 在馆